Normal view
MARC view
Entry Personal Name
001 - CONTROL NUMBER
- control field: 13989
003 - CONTROL NUMBER IDENTIFIER
- control field: OSt
005 - DATE AND TIME OF LATEST TRANSACTION
- control field: 20210322103356.0
008 - FIXED-LENGTH DATA ELEMENTS
- fixed length control field: 210322|| aca||aabn | a|a d
040 ## - CATALOGING SOURCE
- Original cataloging agency: OSt
- Transcribing agency: OSt
100 ## - HEADING--PERSONAL NAME
- Personal name: MΓ©ny, Yves.
670 ## - SOURCE DATA FOUND
- Source citation: Work cat.: (OSt)0: Edited by Meny,Yves;Surel,Yves; 13913, Democracies and the populist challenge /, 2002.
